| 000 | 00401nam a22001217a 4500 | ||
|---|---|---|---|
| 008 | 230629b xxu||||| |||| 00| 0 eng d | ||
| 020 | _a9982260081 | ||
| 082 |
_a338.9 _bTEK 2001 |
||
| 245 |
_aCOMESA _bPerformance of and Constraints to Zimbabwe's Manufacturing Sector in Intra-COMESA Trade: Export/Import Strategy and Technology Limitations |
||
| 260 |
_bCOMESA _c2001 |
||
| 300 | _a60p | ||
| 942 |
_2ddc _cBK |
||
| 999 |
_c3026 _d3026 |
||